Dramatic effects with architectural plants /

Bibliographic Details
Main Author: Kingsbury, Noël
Format: Book
Language:English
Published: Woodstock, N.Y. : Overlook Press, 1997.
Subjects:

MARC

Tag First Indicator Second Indicator Subfields
LEADER 00000cam a2200000 a 4500
001 in00001404085
005 20151020054320.0
008 961108r19971996nyua 001 0 eng
010 |a  96049535  
020 |a 0879517735 
035 |a (OCoLC)35955236 
035 |9 AHN1087AM 
040 |a DLC  |c DLC  |d C#P  |d TXA  |d UtOrBLW 
049 |a TXAM 
050 0 0 |a SB435  |b .K58 1997 
082 0 0 |a 712  |2 21 
100 1 |a Kingsbury, Noël. 
245 1 0 |a Dramatic effects with architectural plants /  |c Noël Kingsbury. 
246 3 |a Architectural plants. 
264 1 |a Woodstock, N.Y. :  |b Overlook Press,  |c 1997. 
300 |a 144 pages :  |b color illustrations ;  |c 29 cm. 
336 |a text  |b txt  |2 rdacontent 
337 |a unmediated  |b n  |2 rdamedia 
338 |a volume  |b nc  |2 rdacarrier 
500 |a Originally published: London : Mitchell Beazley, 1996. 
500 |a Includes index. 
650 0 |a Landscape plants. 
650 0 |a Landscape plants  |x Pictorial works. 
650 0 |a Landscape gardening. 
948 |a C:BLW  |d 20030315 
999 |a MARS 
999 f f |s 92e0e7d9-a1ac-30f1-8d6f-2a4f70c39422  |i a1aeba10-c300-3979-a36b-33055854e33f  |t 0 
952 f f |p ric  |a Texas A&M University  |b Rellis Campus  |c Joint Library Facility  |d Remote Storage  |t 0  |e SB435 .K58 1997  |h Library of Congress classification  |i unmediated -- volume  |m A14822112024 
998 f f |a SB435 .K58 1997  |t 0  |l Remote Storage